|
|
|
|
| LEADER |
00000nas a2200000 a 4500 |
| 001 |
ssj0007304 |
| 003 |
WaSeSS |
| 005 |
20200512172242.0 |
| 006 |
m d |
| 007 |
cr n |
| 008 |
740603d19722005nyuqr p s 0 a0eng |
| 010 |
|
|
|a 72627361
|
| 016 |
7 |
|
|a 0367567
|2 DNLM
|
| 016 |
7 |
|
|a S25260000
|2 DNLM
|
| 016 |
7 |
|
|a 009875794
|2 Uk
|
| 022 |
|
|
|l 0091-3995
|y 0091-3995
|
| 035 |
|
|
|a (WaSeSS)ssj0007304
|
| 040 |
|
|
|a DLC
|b eng
|c OUN
|d COO
|d NSD
|d IUL
|d HUL
|d IXA
|d DLC
|d RCS
|d IUL
|d BTI
|d MUL
|d AIP
|d NST
|d OCL
|d NST
|d DLC
|d NST
|d COO
|d FUG
|d EYM
|d NST
|d DLC
|d NST
|d NYG
|d IUL
|d SYS
|d IUL
|d NLM
|d OCLCQ
|d CDS
|d GUA
|d NYP
|d OCLCQ
|d UKMGB
|d OCLCF
|d OCLCO
|d OCLCQ
|d OCLCO
|d OCLCA
|d WaSeSS
|
| 042 |
|
|
|a nsdp
|a pcc
|
| 050 |
0 |
0 |
|a HQ1
|b .S37
|
| 060 |
0 |
0 |
|a W1
|b S355N
|
| 082 |
0 |
4 |
|a 301.41/7/05
|
| 210 |
0 |
|
|a SIECUS rep.
|
| 222 |
|
0 |
|a SIECUS report
|
| 245 |
0 |
0 |
|a SIECUS report
|h [electronic resource] /
|c Sex Information and Education Council of the U.S.
|
| 246 |
3 |
|
|a Sex Information and Education Council of the United States report
|
| 260 |
|
|
|a New York :
|b Sex Information and Education Council,
|c ©1972-©2005.
|
| 310 |
|
|
|a Quarterly,
|b 2004-fall 2005
|
| 321 |
|
|
|a Bimonthly,
|b 1972-2003
|
| 362 |
0 |
|
|a Vol. 1, no. 1 (Sept. 1972)-v. 33, no. 4 (fall 2005).
|
| 500 |
|
|
|a Title from caption.
|
| 506 |
|
|
|a License restrictions may limit access.
|
| 650 |
|
0 |
|a Sex
|v Periodicals.
|
| 650 |
|
0 |
|a Sexology
|x Research
|v Periodicals.
|
| 650 |
|
7 |
|a Sex.
|2 fast
|0 (OCoLC)fst01114160
|
| 650 |
|
7 |
|a Sexology
|x Research.
|2 fast
|0 (OCoLC)fst01114745
|
| 650 |
|
2 |
|a Sex.
|
| 650 |
|
2 |
|a Sex Education.
|
| 655 |
|
0 |
|a Electronic journals.
|
| 710 |
2 |
|
|a Sex Information and Education Council of the U.S.
|
| 776 |
1 |
|
|c Microfilm
|w (DLC)sn 97034272
|w (OCoLC)7387042
|
| 780 |
0 |
0 |
|t SIECUS newsletter
|x 0036-150X
|w (DLC)sn 79003621
|w (OCoLC)906523
|
| 850 |
|
|
|a AAP
|a CaOONL
|a CoU
|a DLC
|a FU
|a ICL
|a INS
|a IaAS
|a InU
|a KU-S
|a MH-Ed
|a MiDW
|a MiU
|a MnU
|a MoSU
|a N
|a NIC
|a NN
|a NcGU
|a TxCM
|a TxU
|a ViU
|a ViW
|
| 853 |
2 |
0 |
|8 1
|a v.
|b no.
|u 6
|v r
|i (year)
|j (month)
|w b
|
| 853 |
2 |
0 |
|8 2
|a v.
|b no.
|u 4
|v r
|i (year)
|j (season)
|w q
|x 24
|y 24,21,22,23
|
| 856 |
4 |
0 |
|z Full text available from Research Library: 02/01/1997 to 10/31/2005
|u https://search.proquest.com/publication/35312
|
| 863 |
4 |
1 |
|8 1.1
|a 1
|b 1
|i 1972
|j 09
|
| 863 |
4 |
1 |
|8 2.1
|a 32
|b 1
|i 2004
|j 24
|